La poética filosófica de Juan Luis Martínez
保存先:
| 第一著者: | |
|---|---|
| フォーマット: | 不明 |
| 言語: | 英語 |
| 出版事項: |
Santiago, Chile
Cuarto Propio
2018
|
| 主題: | |
| タグ: |
タグ追加
タグなし, このレコードへの初めてのタグを付けませんか!
|
MARC
| LEADER | 00000 a2200000 4500 | ||
|---|---|---|---|
| 003 | CL-VaPUC | ||
| 005 | 20210805001715.0 | ||
| 008 | 200320b ||||| |||| 00| 0 eng d | ||
| 999 | |c 422765 |d 422763 | ||
| 020 | |a 9789563960266 | ||
| 040 | |c Pontificia Universidad Católica de Valparaíso | ||
| 082 | 0 | 4 | |2 21 |a Ch863.9 WEI 2018 |
| 100 | 1 | |a Weintraub, Scott |9 737671 | |
| 245 | 1 | 3 | |a La poética filosófica de Juan Luis Martínez |
| 260 | 3 | |b Cuarto Propio |c 2018 |a Santiago, Chile | |
| 300 | |a 249 páginas | ||
| 583 | |k Hugo Gaete |c 20200320 | ||
| 650 | 0 | 0 | |a Poesía chilena |9 268403 |
| 650 | 0 | 0 | |a Crítica e interpretación |9 255042 |
| 942 | |2 ddc |c BK | ||
| 952 | |0 0 |1 0 |2 ddc |4 0 |6 CH_863_900000000000000_WEI_2018 |7 0 |8 A |9 561679 |a BIBART |b BIBART |d 2020-03-18 |e 4 |g 12000.00 |i 5574323 |l 2 |m 1 |o Ch863.9 WEI 2018 |p 5574323 |r 2025-03-13 |s 2024-06-06 |t 1 |v 12000.00 |w 2020-03-18 |y BK |k ART | ||